header

Burial in later Anglo-Saxon England c. 650-1100 AD (Record no. 9027)

MARC details
000 -LEADER
fixed length control field 01677nam a2200421 a 4500
001 - CONTROL NUMBER
control field ebr10695217
003 - CONTROL NUMBER IDENTIFIER
control field CaPaEBR
006 - FIXED-LENGTH DATA ELEMENTS--ADDITIONAL MATERIAL CHARACTERISTICS--GENERAL INFORMATION
fixed length control field m u
007 - PHYSICAL DESCRIPTION FIXED FIELD--GENERAL INFORMATION
fixed length control field cr cn|||||||||
008 - FIXED-LENGTH DATA ELEMENTS--GENERAL INFORMATION
fixed length control field 100527s2010 enkab sb 000 0 eng d
010 ## - LIBRARY OF CONGRESS CONTROL NUMBER
Canceled/invalid LC control number 2010022046
020 ## - INTERNATIONAL STANDARD BOOK NUMBER
Cancelled/invalid ISBN 9781842179659 (hardback)
Cancelled/invalid ISBN 1842179659 (hardback)
Cancelled/invalid ISBN 9781842178218 (e-book)
040 ## - CATALOGING SOURCE
Original cataloging agency CaPaEBR
Transcribing agency CaPaEBR
035 ## - SYSTEM CONTROL NUMBER
System control number (OCoLC)839388952
043 ## - GEOGRAPHIC AREA CODE
Geographic area code e-uk-en
050 14 - LIBRARY OF CONGRESS CALL NUMBER
Classification number GT3243
Item number .B87 2010eb
082 04 - DEWEY DECIMAL CLASSIFICATION NUMBER
Classification number 393.90942
Edition number 22
245 00 - TITLE STATEMENT
Title Burial in later Anglo-Saxon England c. 650-1100 AD
Medium [electronic resource] /
Statement of responsibility, etc edited by Jo Buckberry and Annia Cherryson.
260 ## - PUBLICATION, DISTRIBUTION, ETC. (IMPRINT)
Place of publication, distribution, etc Oxford, England ;
-- Oakville, Conn. :
Name of publisher, distributor, etc Oxbow Books,
Date of publication, distribution, etc c2010.
300 ## - PHYSICAL DESCRIPTION
Extent x, 142 p. :
Other physical details ill., maps.
490 1# - SERIES STATEMENT
Series statement Studies in funerary archaeology ;
Volume number/sequential designation v. 4
504 ## - BIBLIOGRAPHY, ETC. NOTE
Bibliography, etc Includes bibliographical references.
533 ## - REPRODUCTION NOTE
Type of reproduction Electronic reproduction.
Place of reproduction Palo Alto, Calif. :
Agency responsible for reproduction ebrary,
Date of reproduction 2013.
Note about reproduction Available via World Wide Web.
-- Access may be limited to ebrary affiliated libraries.
650 #0 - SUBJECT ADDED ENTRY--TOPICAL TERM
Topical term or geographic name as entry element Funeral rites and ceremonies, Medieval
Geographic subdivision England.
Topical term or geographic name as entry element Burial
Geographic subdivision England
General subdivision History.
Topical term or geographic name as entry element Civilization, Anglo-Saxon.
Topical term or geographic name as entry element Human remains (Archaeology)
Geographic subdivision England.
Topical term or geographic name as entry element Anglo-Saxons
Geographic subdivision England
General subdivision Antiquities.
651 #0 - SUBJECT ADDED ENTRY--GEOGRAPHIC NAME
Geographic name Great Britain
General subdivision Civilization
Chronological subdivision To 1066.
655 #7 - INDEX TERM--GENRE/FORM
Genre/form data or focus term Electronic books.
Source of term local
700 1# - ADDED ENTRY--PERSONAL NAME
Personal name Buckberry, Jo.
Personal name Cherryson, Annia.
710 2# - ADDED ENTRY--CORPORATE NAME
Corporate name or jurisdiction name as entry element ebrary, Inc.
830 #0 - SERIES ADDED ENTRY--UNIFORM TITLE
Uniform title Studies in funerary archaeology ;
Volume number/sequential designation v. 4.
856 40 - ELECTRONIC LOCATION AND ACCESS
Uniform Resource Identifier <a href="http://site.ebrary.com/lib/rucke/Doc?id=10695217">http://site.ebrary.com/lib/rucke/Doc?id=10695217</a>
Public note An electronic book accessible through the World Wide Web; click to view

No items available.

© 2026 Rongo University
Contact us: librarian | system librarian | Rongo university